| 000 | 00339nam a2200121Ia 4500 | ||
|---|---|---|---|
| 008 | 230907s9999||||xx |||||||||||||| ||und|| | ||
| 082 |
_a510.2462 _bZIL |
||
| 100 |
_aZill, Dennis G. _91266 |
||
| 245 | 0 | _aAdvanced engineering mathematics / | |
| 260 |
_aJones & Bartlett Learning, _bBurlington : _c2018 |
||
| 300 | _axvi, 943 p. | ||
| 942 | _cBK | ||
| 999 |
_c598165 _d598165 |
||